000 00759nam a22002657a 4500
001 BR9406477
003 BR-BrBNA
005 20230928094139.0
007 ta
008 230509b bl.||||| |||| 00| 0 por d
040 _aBR-BrBNA
_bpor
_cBiblioteca Nacional de Agricultura
041 _a(Por)
072 _aL01; F01; E13
090 _ L01 BR9406477
110 1 _aComissao Estadual de Planejamento Agricola, Porto Alegre, RS (Brasil)
_92057
245 1 _aRelatorio tecnico das atividades desenvolvidas pela CEPA/RS
260 3 _aPorto Alegre, RS (Brasil):
_c1978.
300 _a29 p.
650 _aPecuaria
650 _aAgricultura
650 _aProducao Animal
650 _aInvestimento
909 _a202309
_bLucia
_c55
_dLucia Elande
942 _cBK
999 _c49095
_d49095